00604nam a2200145Ia 4500003000900000008004100009040001300050040001300063041000800076100002100084245015200105300000800257490000600265600018700271IT-RoPAU120407s9999 xx 000 0 und d aIT-RoPAU cIT-RoPAU aita aGiovanni Rinaldi aIl Nuovo Testamento commentato. Ed.It. del Regensburger NeuesTestament. diretto da A. Wikenhauser e Otto Kuss. a cura di Giovanni Rinaldi . 11voll. c cm v1 a"1. L’Evangelo secondo Matteo. 2. L’Evangelo secondo Marco. 3. L’Evangelo secondo Luca. 4. L’Evangelo secondo Giovanni. 5 Atti degli Apostoli. 6,1. Lettera ai Romani I(1) "